| 000 | 01938nam a22003857a 4500 | ||
|---|---|---|---|
| 999 |
_c23569 _d23569 |
||
| 003 | AR-CdUCM | ||
| 008 | 260331b2024 pe ||||| |||| 00| 0 spa d | ||
| 020 | _a978-612-4236-40-2 | ||
| 040 |
_aMUNICIPALIDAD PROVINCIAL DEL CUSCO _cBIBLIOTECA MUNICIPAL DEL CUSCO |
||
| 041 | _hspa | ||
| 082 |
_a631.58 / _bO73 |
||
| 100 |
_aOrtega Dueñas, Ramiro _952434 |
||
| 245 | _aPapa, hombre y cultura / | ||
| 260 |
_aCusco - Perú _bUniversidad Nacional de San Antonio Abad del Cusco, _c2024. |
||
| 300 |
_a434 Páginas. : _bImágenes, tablas, mapas _c21 x 28 cm. |
||
| 500 | _zpáginas 397 - 403 | ||
| 505 | _aContenido: Primera Parte -- Los Andenes de Sudamérica -- Capítulo I: Morfología -- Capítulo II: Cronología del Cuaternario -- Poblamiento Andino -- Segunda Parte -- Origen, Espacios y Tiempos de la Papa en la Sociedad Andina -- Capítulo IV: Soporte Arqueológico -- Capítulo V: Primeros Registros Históricos y Alcances Lingüísticos -- Capítulo VI: Evidencias Botánica, Citológica y Genética -- Capítulo VII: Evolución de las Papas Cultivadas -- Capítulo VIII: Origen único versus múltiples eventos de domesticación -- Tercera Parte -- Investigaciones Pioneras -- Capítulo IX: UNSAAC -- Cuarta Parte -- Estudios de Caso -- Capítulo X: Germoplasma.... | ||
| 650 |
_aOrigen _915147 |
||
| 650 |
_aAndes Centrales _952435 |
||
| 650 |
_aPleistoceno _952436 |
||
| 650 |
_aPeriodo Lítico _952437 |
||
| 650 |
_aÉpoca Inka _96812 |
||
| 650 |
_aExpediciones Peruanas _952438 |
||
| 650 |
_aMejoramiento Genético _952439 |
||
| 650 |
_aPapas cultivadas _952440 |
||
| 650 |
_aEstudios Bioquímicos _952441 |
||
| 650 |
_aSanidad de semillas _952442 |
||
| 650 |
_aMejoramiento de la calidad _952443 |
||
| 650 |
_aProblemática de la Agricultura _952444 |
||
| 650 |
_aAscenso de cultivos _952445 |
||
| 650 |
_aPlagas _921314 |
||
| 856 | _fwww.unsaac.edu.pe | ||
| 942 |
_2ddc _cLIBROS |
||
| 945 |
_ajmcs _d31/03/2026 |
||